1351 1574 1261 1601 1128 1158 1653 1890 1279 1413 1990 1043 1198 1221 1693 1804 1289 1646 1923 1359 1008 1582 1378 1461 1899 1346 1529 1723 1025 1373 1985 1762 1554 1824 1655 1529 1700 1324 1584 1737 1659 1370 1473 1916 1036 1216 1466 1294 1385 1498 1300 1704 1138 1079 1813 1203 1899 1659 1666 1870 1864 1724 1062 1350 1135 1488 1875 1436 1218 1735 1331 1502 1512 1601 1735 1881 1556 1928 1621 1065 1125 1192 1744 1012 1143 1993 1686 1705 1655 1375 1777 1989 1860 1951 1194 1237 1569 1320 1057 BCNSPRNW ULIB Ver.6.0+V

เปลี่ยนเป็นภาษาไทย

Change to English
 แสดงรายละเอียดบรรณานุกรม
  กลับหน้าหลัก

Brief Record : Get Marc (ISO 2709) : E-mail record : QR code < ปิดหน้าต่าง
LEADER : 00000nam 2200000uu 4500
001    13399121115
003     ULIB
008    120426s2554 th a 000 0 tha d
020    ^a9789743504204
060 04 ^aWS280^bO62
245 00 ^aOptimizing practice in pediatric respiratory diseases /^cอรุณวรรณ พฤทธิพันธุ์ ... [และคนอื่นๆ], บรรณาธิการ
250    ^aพิมพ์ครั้งที่ 1
260    ^aกรุงเทพฯ : ^bชมรมโรคระบบหายใจและเวชบำบัดวิกฤตในเด็กแห่งประเทศไทย,^c2554
300    ^aviii, 288 หน้า :^bภาพประกอบ ;^c27 ซม.
650  4 ^aทางเดินอากาศหายใจ, โรค^xในวัยทารกและเด็ก
650  4 ^aทางเดินอากาศหายใจ, โรค^xในวัยทารกและเด็ก^xการรักษา
650  4 ^aทางเดินอากาศหายใจ, โรค^xในวัยทารกและเด็ก^xการวินิจฉัย
650  4 ^aผู้ป่วยหนัก, การดูแล^xในวัยทารกและเด็ก
653    ^aผลงานอาจารย์คณะแพทยศาสตร์ศิริราชพยาบาล
700 0  ^aอรุณวรรณ พฤทธิพันธุ์,^eบรรณาธิการ
710 2  ^aชมรมโรคระบบหายใจและเวชบำบัดวิกฤตในเด็กแห่งประเทศไทย
945    ^p350^l0^i032937
945    ^p350^l0^i032938
995    ^a เกษร
999    ^aใช้งานได้ทุกระบบ
รายการนี้ยังไม่มีแท็ก
คุณยังไม่ได้ล็อกอิน คุณสามารถมีกิจกรรมร่วมกับเว็บไซต์ได้ แต่ต้องล็อกอินก่อน ::
  ล็อกอิน

รายการสื่อสารสนเทศ

ลำดับที่ ประเภท เลขเรียก/บาร์โค้ด สถานที่ สถานะ
1. วิทยาศาสตร์การแพทย์ และสุขภาพ
หนังสือสำรอง
สถานะ=หนังสือสำรอง
WS280 O62 ฉ.1 
  Barcode: 032937
ห้องสมุดวิทยาเขตสวรรค์ประชารักษ์
►ส่วนจัดเก็บหนังสือเก่า สปร
บนชั้น
  ขอยืม
2. วิทยาศาสตร์การแพทย์ และสุขภาพ
วิทยาศาสตร์การแพทย์ และสุขภาพ
WS280 O62 ฉ.2 
  Barcode: 032938
ห้องสมุดวิทยาเขตสวรรค์ประชารักษ์
►ส่วนจัดเก็บหนังสือเก่า สปร
บนชั้น
  ขอยืม

BibComment


ยังไม่เคยถูกคอมเมนท์

คอมเมนท์ทรัพยากรรายการนี้
  คอมเมนท์: Optimizing pract..


 Copyright 2026. Bcnsprnw @Library